000 00808nam a2200205 a 4500
003 0
005 20250331145343.0
008 071127s19uu xx 00 eng d
050 _aPGS PN 1992.8.K6.V35
_b.Y51 2007
100 _aYim, Sung Soon.
245 _aWatching Korean telenovelas and the values development of grade 5 students /
_cSung Soon Yim.
260 _aLas PiƱas City, Philippines :
_bSouthville International School and Colleges,
_c2007.
300 _a27 pages :
_billustrations ;
_c28 cm.
504 _aIncludes bibliographical references.
650 _aKorean television series
_vInfluence on children.
650 _aTelenovelas
_vMoral and ethical aspects.
650 _aTelevision and children
_vMoral development.
650 _aValues education
_vMedia influence.
942 _2lcc
_cPASS
999 _c97781
_d97781